| Tag |
First Indicator |
Second Indicator |
Subfields |
| LEADER |
00000cam a2200000 a 4500 |
| 001 |
in00000084200 |
| 005 |
20151008055715.0 |
| 008 |
770503s1891 xx 00000 engm |
| 010 |
|
|
|a 17021163
|
| 035 |
|
|
|a (OCoLC)02938609
|
| 035 |
|
|
|9 AAJ4171AM
|
| 040 |
|
|
|a DLC
|c DMM
|d m.c.
|d TXA
|d UtOrBLW
|
| 049 |
|
|
|a TXAM
|c [1654496]
|
| 050 |
0 |
0 |
|a BR128.G8
|b H3 1891
|
| 092 |
|
|
|a 230
|b H36
|
| 100 |
1 |
|
|a Hatch, Edwin,
|d 1835-1889.
|
| 245 |
1 |
4 |
|a The influence of Greek ideas and usages upon the Christian church /
|c by Edwin Hatch ; edited by A.M. Fairbairn.
|
| 250 |
|
|
|a 2nd ed.
|
| 264 |
|
1 |
|a London :
|b Williams and Norgate,
|c 1891.
|
| 300 |
|
|
|a xxiii, 359 pages ;
|c 23 cm.
|
| 336 |
|
|
|a text
|b txt
|2 rdacontent
|
| 337 |
|
|
|a unmediated
|b n
|2 rdamedia
|
| 338 |
|
|
|a volume
|b nc
|2 rdacarrier
|
| 490 |
1 |
|
|a The Hibbert lectures ;
|v 1888
|
| 504 |
|
|
|a Includes bibliographical references and index.
|
| 650 |
|
0 |
|a Church history
|y Primitive and early church, ca. 30-600.
|
| 650 |
|
0 |
|a Philosophy, Ancient
|x History.
|
| 650 |
|
0 |
|a Theology, Doctrinal.
|
| 700 |
1 |
|
|a Fairbairn, A. M.
|q (Andrew Martin),
|d 1838-1912.
|
| 830 |
|
0 |
|a Hibbert lectures (London, England) ;
|v 1888.
|
| 999 |
|
|
|a MARS
|
| 999 |
f |
f |
|s acd6e9ef-27ab-34fe-8997-fd40a295635e
|i 353e5898-57fc-3aca-b73d-3ed1c9e66086
|t 0
|
| 952 |
f |
f |
|p ric
|a Texas A&M University
|b Rellis Campus
|c Joint Library Facility
|d Remote Storage
|t 0
|e BR128.G8 H3 1891
|h Library of Congress classification
|i unmediated -- volume
|m A14806090856
|
| 998 |
f |
f |
|a BR128.G8 H3 1891
|t 0
|l Remote Storage
|